Disaster readiness and risk reduction / (Record no. 471)

MARC details
000 -LEADER
fixed length control field 00685nam a22002057a 4500
005 - DATE AND TIME OF LATEST TRANSACTION
control field 20230606022928.0
008 - FIXED-LENGTH DATA ELEMENTS--GENERAL INFORMATION
fixed length control field 221229b |||||||| |||| 00| 0 eng d
020 ## - INTERNATIONAL STANDARD BOOK NUMBER
International Standard Book Number 978-971-07-3825-0
082 ## - DEWEY DECIMAL CLASSIFICATION NUMBER
Classification number Fil. 363.34 D321 2016
100 ## - MAIN ENTRY--PERSONAL NAME
Personal name De Guzman, Francis Ron
Relator term author
245 ## - TITLE STATEMENT
Title Disaster readiness and risk reduction /
Statement of responsibility, etc. Francis Ron De Guzman, Denise Ann-Marie R. Suares
260 ## - PUBLICATION, DISTRIBUTION, ETC.
Place of publication, distribution, etc. Quezon City:
Name of publisher, distributor, etc. Vibal,
Date of publication, distribution, etc. c2016.
300 ## - PHYSICAL DESCRIPTION
Extent vi, 202p.;
Other physical details col. ill.
504 ## - BIBLIOGRAPHY, ETC. NOTE
Bibliography, etc. note Includes index, biography <br/>
541 ## - IMMEDIATE SOURCE OF ACQUISITION NOTE
Accession number 6057 c.1, 6058 c.2
650 ## - SUBJECT ADDED ENTRY--TOPICAL TERM
Topical term or geographic name entry element Disaster relief
650 ## - SUBJECT ADDED ENTRY--TOPICAL TERM
Topical term or geographic name entry element Emergency management
650 ## - SUBJECT ADDED ENTRY--TOPICAL TERM
Topical term or geographic name entry element Natural disaster
700 ## - ADDED ENTRY--PERSONAL NAME
Personal name Suares, Denise Ann-Marie R.
Relator term author
Holdings
Withdrawn status Lost status Source of classification or shelving scheme Damaged status Not for loan Home library Current library Date acquired Total Checkouts Full call number Barcode Date last seen Copy number Price effective from Koha item type Date last checked out
    Dewey Decimal Classification     ctu-moalboal ctu-moalboal 03/19/2019   Fil. 363.34 D321 2016 6057 12/29/2022 1 12/29/2022 Books-Filipiniana  
    Dewey Decimal Classification     ctu-moalboal ctu-moalboal 03/19/2019 1 Fil. 363.34 D321 2016 6058 08/07/2025 2 12/29/2022 Books-Filipiniana 03/22/2023